| 000 | 00839cab a2200241 4500 | ||
|---|---|---|---|
| 001 | WB3132-37 | ||
| 008 | 090401t1995 xxu||||| |||| 00| 0 eng d | ||
| 035 | _a(Sirsi) u57303 | ||
| 041 | _aeng | ||
| 245 | _aLandfill gas explosion not covered by insurance | ||
| 260 | _c1995 | ||
| 350 | _a0 | ||
| 490 |
_aIndependent _v31 August 1995, 12(1) |
||
| 520 | _aIn "Middleton v Wiggins and others", CA 14 July 1995, it was held that the insurers were not liable to indemnify the landowner in respect of claims made by a neighbour whose house was destroyed when an accumulation of landfill gas exploded beneath it. | ||
| 650 | _aCOMMERCIAL UNION | ||
| 650 | _aHARGREAVES CLEARWASTE LTD | ||
| 650 | _aLANDFILL GAS | ||
| 650 | _aLANDFILL SITES | ||
| 690 | _aINSURANCE-CASE LAW | ||
| 690 | _aLAND | ||
| 942 | _n0 | ||
| 948 | _c04/03/1997 | ||
| 999 |
_c34922 _d34922 |
||